000 00535nam a22001817a 4500
003 CEME
005 20210628202236.0
008 210210b xxu||||| |||| 00| 0 eng d
020 _a1-85233-548-3
040 _c.
082 _a629.8 GOO
100 _aGoodwin , Graham .C ,Seron , Maria .M ,Dona , Jose .A
_958966
245 _aConstrained control and estimation ,an optimisation approach
260 _aAUSTRALIA
_bSPRINGER
_c2005
300 _aXVIII,411P
650 _aPREDICTIVE CONTROL. CONTROL THEORY
_958967
942 _cBK
_2ddc
999 _c569030
_d569030